Committees of Rajya Sabha and Other Parliamentary Committees and Bodies on Which Rajya Sabha is Represented (Record no. 504253)

000 -LEADER
fixed length control field 00534nam a22001337a 4500
005 - DATE AND TIME OF LATEST TRANSACTION
control field 20180806165048.0
008 - FIXED-LENGTH DATA ELEMENTS--GENERAL INFORMATION
fixed length control field 180806b ||||| |||| 00| 0 eng d
040 ## - CATALOGING SOURCE
Transcribing agency
100 ## - MAIN ENTRY--PERSONAL NAME
Personal name India. Rajya Sabha Secretariat
9 (RLIN) 204
245 ## - TITLE STATEMENT
Title Committees of Rajya Sabha and Other Parliamentary Committees and Bodies on Which Rajya Sabha is Represented
Remainder of title by Rajya Sabha Secretariat
260 ## - PUBLICATION, DISTRIBUTION, ETC. (IMPRINT)
Place of publication, distribution, etc New Delhi
Name of publisher, distributor, etc Rajya Sabha Secretariat
500 ## - GENERAL NOTE
General note Library has 1964/65, 1969/70, 1975/76, 1977/78-1980/81, 1992/93, 1994/95, 1996/97
942 ## - ADDED ENTRY ELEMENTS (KOHA)
Source of classification or shelving scheme
Item type GG
Holdings
Withdrawn status Lost status Source of classification or shelving scheme Damaged status Not for loan Permanent location Current location Date acquired Barcode Date last seen Price effective from Koha item type
          Indian Institute of Public Administration Indian Institute of Public Administration 2018-08-06 GG3502 2018-08-06 2018-08-06 GG
          Indian Institute of Public Administration Indian Institute of Public Administration 2018-08-06 GG10343 2018-08-06 2018-08-06 GG
          Indian Institute of Public Administration Indian Institute of Public Administration 2018-08-06 GG15471 2018-08-06 2018-08-06 GG
          Indian Institute of Public Administration Indian Institute of Public Administration 2018-08-06 GG16970 2018-08-06 2018-08-06 GG
          Indian Institute of Public Administration Indian Institute of Public Administration 2018-08-06 GG17604 2018-08-06 2018-08-06 GG
          Indian Institute of Public Administration Indian Institute of Public Administration 2018-08-06 GG18268 2018-08-06 2018-08-06 GG

Powered by Koha